00319nam a2200097Ia 4500008004100000041000800041100003100049245007300080260004900153999001900202241105s9999 xx 000 0 und d aeng aPoovassery Anushka9184231 aOptimizing, Materialization And Form Finding 3D Graphic & Wheat Bran bBNCA M Arch Digital ArchitectureaPunec2023 c362082d362082